Jewish Rewritten Scripture and Greco-Roman Imitation: Two Sides of the Same Coin?

The corpus of texts called "Rewritten Scripture" have long been subject to debate about their categorization. When differentiating between minimalist (form-oriented) and maximalist (process-oriented) schools of thought, distinctions must be made between elements like content, techniques, p...

Full description

Saved in:  
Bibliographic Details
Main Author: Bowes, William B. (Author)
Format: Electronic Article
Language:English
Check availability: HBZ Gateway
Interlibrary Loan:Interlibrary Loan for the Fachinformationsdienste (Specialized Information Services in Germany)
Published: 2026
In: Journal of ancient Judaism
Year: 2026, Volume: 17, Issue: 1, Pages: 44-79
Further subjects:B Imitation in literature
B Mimesis
B Rewriting
B Rewritten Scripture
B Second Temple Judaism
Online Access: Volltext (lizenzpflichtig)
Volltext (lizenzpflichtig)

MARC

LEADER 00000naa a22000002c 4500
001 1967457565
003 DE-627
005 20260327130944.0
007 cr uuu---uuuuu
008 260327s2026 xx |||||o 00| ||eng c
024 7 |a 10.30965/21967954-bja10085  |2 doi 
035 |a (DE-627)1967457565 
035 |a (DE-599)KXP1967457565 
040 |a DE-627  |b ger  |c DE-627  |e rda 
041 |a eng 
084 |a 0  |a 1  |2 ssgn 
100 1 |e VerfasserIn  |0 (DE-588)1380715571  |0 (DE-627)1940187680  |4 aut  |a Bowes, William B. 
109 |a Bowes, William B. 
245 1 0 |a Jewish Rewritten Scripture and Greco-Roman Imitation  |b Two Sides of the Same Coin? 
264 1 |c 2026 
336 |a Text  |b txt  |2 rdacontent 
337 |a Computermedien  |b c  |2 rdamedia 
338 |a Online-Ressource  |b cr  |2 rdacarrier 
520 |a The corpus of texts called "Rewritten Scripture" have long been subject to debate about their categorization. When differentiating between minimalist (form-oriented) and maximalist (process-oriented) schools of thought, distinctions must be made between elements like content, techniques, purpose, and function to determine where these texts belong. This article does not attempt to redefine or reclassify Rewritten Scripture as a phenomenon, but contends with arguments suggesting that Rewritten Scripture is basically equivalent to Greco-Roman imitation (μίμησις/imitatio). While imitation has its own categorization problems, I argue that Rewritten Scripture can be meaningfully distinguished from μίμησις/imitatio. Even with some overlaps, if we imagine a continuum of source reuse, these are at different points. I argue this with reference to 1) function, 2) limits, 3) writer, and 4) authority of source material. Both have different types of rewriting, resulting in distinguishable types of texts. There is something distinctive about the Jewish texts called Rewritten Scripture. 
650 4 |a Imitatio 
650 4 |a Mimesis 
650 4 |a Rewriting 
650 4 |a Rewritten Scripture 
650 4 |a Second Temple Judaism 
773 0 8 |i Enthalten in  |t Journal of ancient Judaism  |d Leiden : Brill, 2010  |g 17(2026), 1, Seite 44-79  |h Online-Ressource  |w (DE-627)636202666  |w (DE-600)2575695-3  |w (DE-576)429189435  |x 2196-7954  |7 nnas 
773 1 8 |g volume:17  |g year:2026  |g number:1  |g pages:44-79 
856 4 0 |u https://brill.com/view/journals/jaj/17/1/article-p44_3.xml  |x Verlag  |z lizenzpflichtig  |3 Volltext  |7 1 
856 4 0 |u https://doi.org/10.30965/21967954-bja10085  |x Resolving-System  |z lizenzpflichtig  |3 Volltext  |7 1 
951 |a AR 
ELC |a 1 
ITA |a 1  |t 1 
LOK |0 000 xxxxxcx a22 zn 4500 
LOK |0 001 4943756727 
LOK |0 003 DE-627 
LOK |0 004 1967457565 
LOK |0 005 20260327130610 
LOK |0 008 260327||||||||||||||||ger||||||| 
LOK |0 040   |a DE-Tue135  |c DE-627  |d DE-Tue135 
LOK |0 092   |o n 
LOK |0 852   |a DE-Tue135 
LOK |0 852 1  |9 00 
LOK |0 935   |a ixzs  |a ixzo 
LOK |0 939   |a 2026-03-27  |b l01 
ORI |a TA-MARC-ixtheoa001.raw 
REL |a 1 
STA 0 0 |a Imitation in literature,Imitation in art,Mimesis 
STB 0 0 |a Imitatio,Imitation (littérature),Imitation,Imitation (art),Mimésis,Mimèsis,Mimèsis 
STC 0 0 |a Imitación,Imitación (Literatura),Mimesis 
STD 0 0 |a Imitatio,Mimesis 
STE 0 0 |a 模仿自然,摹拟,模仿 
STF 0 0 |a 模仿自然,摹擬,模仿 
STG 0 0 |a Imitação,Mimese 
STH 0 0 |a Имитация,Мимесис 
STI 0 0 |a Απομίμηση,Imitatio,Μίμηση 
SUB |a REL 
SYE 0 0 |a Nachahmung , Nachahmung,Imitatio naturae